00687nam a2200205 i 4500001000700000003000900007005001700016007000300033008004100036100002100077245014200098260005800240300002200298490003200320650003400352700002000386700002200406830003200428852002100460134596ES-MaACL20230906194715.0t|070912q1912 sp ||||1| spa d1 aWedgood, Josiah.13aEl camino hacia la libertad y lo que hay más allá / cJosiah y Ethel Wedgood ; traducción directa del inglés por Manuel Vallvé. aBarcelona : bEl Consultor Bibliográfico, c[1912?] a206 p. ; c18 cm.1 aBiblioteca Georgista ; v16 aCivilización-xFilosofía.1 aWedgood, Ethel.1 aVallvé, Manuel.0 aBiblioteca Georgista ; v16 aES-MaACLjA-1137